Thiết kế quảng cáo và tiếp thị trên Web - HTML : Chiến lược, kỹ thuật, hiệu quả
Giới thiệu những kiến thức tổng quát về quảng cáo cũng như cách nhìn về mảng viết lời quảng cáo cụ thể như: Qui trình sáng tạo, diễn đạt ý tưởng thành lời, thiết kế bố cục, làm việc với kiểu chữ và hình ảnh... và các phương pháp...
محفوظ في:
| المؤلف الرئيسي: | |
|---|---|
| التنسيق: | كتاب |
| اللغة: | Undetermined |
| منشور في: |
Hà Nội
Thống Kê
2000
|
| الموضوعات: | |
| الوسوم: |
إضافة وسم
لا توجد وسوم, كن أول من يضع وسما على هذه التسجيلة!
|
| Thư viện lưu trữ: | Trung tâm Học liệu Trường Đại học Cần Thơ |
|---|
| LEADER | 01100nam a2200229Ia 4500 | ||
|---|---|---|---|
| 001 | CTU_42177 | ||
| 008 | 210402s9999 xx 000 0 und d | ||
| 020 | |c 39600 | ||
| 082 | |a 005.375 | ||
| 082 | |b T305 | ||
| 100 | |a Nguyễn, Tiến | ||
| 245 | 0 | |a Thiết kế quảng cáo và tiếp thị trên Web - HTML : | |
| 245 | 0 | |b Chiến lược, kỹ thuật, hiệu quả | |
| 245 | 0 | |c Nguyễn Tiến, Nguyễn Văn Hoài | |
| 260 | |a Hà Nội | ||
| 260 | |b Thống Kê | ||
| 260 | |c 2000 | ||
| 520 | |a Giới thiệu những kiến thức tổng quát về quảng cáo cũng như cách nhìn về mảng viết lời quảng cáo cụ thể như: Qui trình sáng tạo, diễn đạt ý tưởng thành lời, thiết kế bố cục, làm việc với kiểu chữ và hình ảnh... và các phương pháp quảng cáo khác | ||
| 650 | |a Web sites,Web sites | ||
| 650 | |x Thiết kế,Design | ||
| 904 | |i Minh, 010705 | ||
| 980 | |a Trung tâm Học liệu Trường Đại học Cần Thơ | ||